000 00499nam a2200145Ia 4500
008 100122s9999 xx 000 0 und d
082 _b26227
_a822
100 _aकेशव दत्ता
245 _aबायका त्या बायकाच !
260 _bमेहता पब्लिकेशन हाऊस
_c1978
300 _a78
630 _aबायका त्या बायकाच !
730 _aबायका त्या बायकाच !
942 _cBOOK
999 _c412737
_d412734